[Event "DEM U10/U10w 2000"]
[Site "Überlingen GER"]
[Date "2000.06.04"]
[Round "2"]
[White "Körnlein, Daniel"]
[Black "Bindrich, Falko"]
[Result "0-1"]
[Termination "normal"]
[Board "1"]
[WhiteElo "1004"]
[BlackElo "1645"]
[PlyCount "44"]
[BlackFideId "4676670"]
[EventCountry "GER"]
[EventRounds "11"]
[EventType "swiss"]
[EventDate "2000.06.03"]

1. e4 c5 2. Nf3 d6 3. Nc3 Nf6 4. d4 cxd4 5. Nxd4 g6 6. Be3 Bg7 7. Qd2 Nc6 8. f4
Rb8 9. O-O-O O-O 10. Nxc6 bxc6 11. e5 Ng4 12. exd6 Nxe3 13. Qxe3 exd6 14. Qxa7
Rb7 15. Qe3 Re8 16. Qd2 Qa5 17. Bc4 Be6 18. Bxe6 Rxe6 19. Rhe1 Qb4 20. Qd3
Qxf4+ 21. Qd2 Qb4 22. Qd3 Bh6+ 0-1

[Event "DEM U10/U10w 2000"]
[Site "Überlingen GER"]
[Date "2000.06.04"]
[Round "2"]
[White "Bentz, Matthias"]
[Black "Lange, Jan-David"]
[Result "1-0"]
[Termination "normal"]
[Board "2"]
[WhiteElo "1623"]
[BlackElo "1000"]
[PlyCount "125"]
[BlackFideId "24614963"]
[EventCountry "GER"]
[EventRounds "11"]
[EventType "swiss"]
[EventDate "2000.06.03"]

1. e4 e5 2. Nf3 Nc6 3. Bc4 Bc5 4. c3 a6 5. d3 Nf6 6. b4 Ba7 7. O-O O-O 8. Nbd2
d6 9. a4 b5 10. axb5 axb5 11. Bxb5 Bd7 12. Bb2 Qb8 13. Bxc6 Bxc6 14. h3 Bb5 15.
c4 Bd7 16. Bc3 Qb7 17. Qb3 Nh5 18. c5 dxc5 19. bxc5 Qxb3 20. Nxb3 f6 21. Ra5
Nf4 22. Bd2 Nxd3 23. Rfa1 Rfb8 24. Nc1 Nxc5 25. Rxa7 Rxa7 26. Rxa7 Rb1 27. Rxc7
Nxe4 28. Rxd7 Nxd2 29. Rxd2 Rxc1+ 30. Kh2 e4 31. Ng1 f5 32. g4 f4 33. Ne2 e3
34. fxe3 fxe3 35. Rd3 Rc2 36. Rxe3 Kf7 37. Kg3 g5 38. Nd4 Rc4 39. Nf5 Kf6 40.
Re7 Rc3+ 41. Re3 Rc7 42. Kf3 Rc4 43. Re4 Rc3+ 44. Ne3 h6 45. Rd4 Ke5 46. Rd5+
Ke6 47. Ra5 Kf7 48. Ra6 Kg7 49. Ke4 Rb3 50. Nf5+ Kf7 51. Rxh6 Rb4+ 52. Nd4 Rc4
53. Rh5 Rc5 54. h4 Kf6 55. Rxg5 Rxg5 56. hxg5+ Kxg5 57. Kf3 Kf6 58. Kf4 Kg6 59.
g5 Kh7 60. Kf5 Kg7 61. g6 Kf8 62. Kf6 Kg8 63. g7 1-0

[Event "DEM U10/U10w 2000"]
[Site "Überlingen GER"]
[Date "2000.06.04"]
[Round "2"]
[White "Hofmann, Christine"]
[Black "Mandery, Markus"]
[Result "0-1"]
[Termination "normal"]
[Board "3"]
[WhiteElo "966"]
[BlackElo "1454"]
[PlyCount "54"]
[BlackFideId "24607126"]
[EventCountry "GER"]
[EventRounds "11"]
[EventType "swiss"]
[EventDate "2000.06.03"]

1. d4 Nf6 2. c4 e6 3. Nc3 Bb4 4. Bd2 Bxc3 5. Bxc3 b6 6. e3 Bb7 7. Nf3 d6 8. Bd3
Nbd7 9. O-O h6 10. Re1 Qe7 11. e4 e5 12. d5 Nc5 13. Bb4 Nxd3 14. Qxd3 g5 15. h3
Rg8 16. Qb3 Qd7 17. Nh2 g4 18. hxg4 Nxg4 19. Nxg4 Qxg4 20. g3 h5 21. Qa4+ Ke7
22. Qd1 Qh3 23. Qf3 h4 24. Qh1 Qxh1+ 25. Kxh1 hxg3 26. fxg3 Rxg3 27. Rg1 Rh8#
0-1

[Event "DEM U10/U10w 2000"]
[Site "Überlingen GER"]
[Date "2000.06.04"]
[Round "2"]
[White "Szczap, Arthur"]
[Black "Savchenko, Oleksey"]
[Result "1-0"]
[Termination "normal"]
[Board "4"]
[WhiteElo "925"]
[BlackElo "1329"]
[PlyCount "109"]
[WhiteFideId "24637394"]
[BlackFideId "24611727"]
[EventCountry "GER"]
[EventRounds "11"]
[EventType "swiss"]
[EventDate "2000.06.03"]

1. e4 e5 2. Nf3 Nf6 3. Nxe5 d6 4. Nf3 Nxe4 5. d3 Nf6 6. Nc3 Bg4 7. Be2 Be7 8.
O-O O-O 9. Bd2 Nc6 10. h3 Bh5 11. Re1 d5 12. a3 Re8 13. b4 a6 14. Na2 Nd7 15.
c4 dxc4 16. dxc4 Bf6 17. Rc1 Bg6 18. Bc3 Bxc3 19. Nxc3 Nce5 20. Nxe5 Nxe5 21.
Qxd8 Raxd8 22. Nd5 c6 23. Nf4 Rd4 24. Nxg6 hxg6 25. g3 Nd3 26. Bxd3 Rxe1+ 27.
Rxe1 Rxd3 28. Re3 Rd1+ 29. Kg2 Ra1 30. Kf3 b6 31. Ke4 Rc1 32. Kd4 Rf1 33. f4
Rc1 34. Re8+ Kh7 35. Rc8 c5+ 36. bxc5 bxc5+ 37. Rxc5 Rg1 38. Ra5 Rxg3 39. Rxa6
Rxh3 40. c5 Rh1 41. Ra4 g5 42. Ke5 gxf4 43. Rxf4 Kg6 44. c6 f6+ 45. Kd5 Kf7 46.
Rc4 Ke7 47. Kc5 Kd8 48. Kb6 Kc8 49. Rd4 Rb1+ 50. Rb4 Rxb4+ 51. axb4 g5 52. c7
g4 53. Kc6 g3 54. b5 g2 55. b6 1-0

[Event "DEM U10/U10w 2000"]
[Site "Überlingen GER"]
[Date "2000.06.04"]
[Round "2"]
[White "Herkt, Laura"]
[Black "Baldauf, Marco"]
[Result "0-1"]
[Termination "normal"]
[Board "5"]
[WhiteElo "924"]
[BlackElo "1278"]
[PlyCount "80"]
[BlackFideId "4688210"]
[EventCountry "GER"]
[EventRounds "11"]
[EventType "swiss"]
[EventDate "2000.06.03"]

1. c4 c5 2. Nc3 g6 3. Nf3 Bg7 4. Qc2 Nc6 5. Qd1 e6 6. d3 Nge7 7. g3 O-O 8. Bg2
a6 9. O-O d6 10. Bd2 Rb8 11. a3 b5 12. cxb5 axb5 13. Rb1 b4 14. axb4 Nxb4 15.
Qc1 Re8 16. Bh6 Bh8 17. Ne4 Bb7 18. Nfd2 Qc7 19. Bg5 Bxe4 20. Nxe4 Ned5 21. Qd2
f5 22. Nc3 Nb6 23. Nb5 Qd7 24. Na3 Na4 25. b3 Nc3 26. Rb2 Ncd5 27. Rbb1 Ra8 28.
Nc4 Ra2 29. Qe1 Nc2 30. Qc1 Nc3 31. Qd2 Nxb1 32. Rxb1 Nb4 33. Qe3 Bd4 34. Qf4
Rxe2 35. Qxd6 Qxd6 36. Nxd6 Rxf2 37. Nxe8 Rb2+ 38. Kf1 Rxb1+ 39. Ke2 Rb2+ 40.
Kf3 Rf2# 0-1

[Event "DEM U10/U10w 2000"]
[Site "Überlingen GER"]
[Date "2000.06.04"]
[Round "2"]
[White "Müller, Reinhold"]
[Black "Weber, Max"]
[Result "1/2-1/2"]
[Termination "normal"]
[Board "6"]
[WhiteElo "1248"]
[BlackElo "911"]
[PlyCount "58"]
[WhiteFideId "24605875"]
[BlackFideId "24606146"]
[EventCountry "GER"]
[EventRounds "11"]
[EventType "swiss"]
[EventDate "2000.06.03"]

1. d4 g6 2. c4 Bg7 3. Nf3 d6 4. Bf4 Bg4 5. e3 Nf6 6. Nc3 c6 7. Be2 O-O 8. O-O
Nbd7 9. Qc2 c5 10. d5 Re8 11. h3 Bxf3 12. Bxf3 a6 13. Rab1 Qc7 14. Be2 Rab8 15.
a3 Rec8 16. b4 cxb4 17. axb4 b5 18. c5 Kh8 19. c6 Nb6 20. Bxb5 Nfxd5 21. Nxd5
Nxd5 22. Bxa6 Qxc6 23. Qxc6 Rxc6 24. b5 Rcb6 25. Rbc1 Nc3 26. Rc2 Nxb5 27. Bxb5
Rxb5 28. Rfc1 h6 29. Rc7 R5b7 1/2-1/2

[Event "DEM U10/U10w 2000"]
[Site "Überlingen GER"]
[Date "2000.06.04"]
[Round "2"]
[White "Weiß, Katharina"]
[Black "Forchmann, Georg"]
[Result "0-1"]
[Termination "normal"]
[Board "7"]
[WhiteElo "897"]
[BlackElo "1214"]
[PlyCount "102"]
[WhiteFideId "24692859"]
[EventCountry "GER"]
[EventRounds "11"]
[EventType "swiss"]
[EventDate "2000.06.03"]

1. e4 e6 2. d4 d5 3. Nd2 Nf6 4. exd5 exd5 5. Ne2 Bd6 6. Nf3 O-O 7. g3 Bf5 8.
Bg2 Nc6 9. O-O Qd7 10. Bg5 Ne4 11. c3 Bh3 12. Bf4 Bxg2 13. Kxg2 Bxf4 14. Nxf4
Nd8 15. Qb3 c6 16. Ne5 Qf5 17. Qc2 f6 18. Ned3 Ng5 19. h4 Ne4 20. Nb4 Nf7 21.
f3 Ned6 22. Qxf5 Nxf5 23. Ne6 Rfe8 24. Nc7 Re2+ 25. Rf2 Rxf2+ 26. Kxf2 Rc8 27.
Ne6 Re8 28. Re1 N7d6 29. Nd3 Kf7 30. Nec5 b6 31. Nb3 Nc4 32. Rb1 a5 33. a4 Re3
34. Nf4 g5 35. hxg5 fxg5 36. Nh3 h6 37. g4 Nh4 38. Nc1 Rxf3+ 39. Ke2 Rxh3 40.
b3 Nd6 41. Nd3 Rh2+ 42. Ke3 Ng6 43. Rf1+ Kg7 44. Rf3 h5 45. gxh5 Rxh5 46. Kf2
g4 47. Re3 Ne4+ 48. Kg2 Nh4+ 49. Kg1 Nf3+ 50. Kg2 Rh2+ 51. Kf1 Ned2# 0-1

[Event "DEM U10/U10w 2000"]
[Site "Überlingen GER"]
[Date "2000.06.04"]
[Round "2"]
[White "Kleine, Jannik"]
[Black "Scheerer, Kim"]
[Result "0-1"]
[Termination "normal"]
[Board "8"]
[WhiteElo "1205"]
[BlackElo "879"]
[PlyCount "98"]
[EventCountry "GER"]
[EventRounds "11"]
[EventType "swiss"]
[EventDate "2000.06.03"]

1. e4 e5 2. Nf3 Nc6 3. Bc4 Bc5 4. c3 Nf6 5. d3 d6 6. b4 Bb6 7. Qb3 O-O 8. a4 a6
9. Ng5 Qe8 10. f4 exf4 11. Bxf4 h6 12. Nf3 Bg4 13. h3 Bxf3 14. gxf3 Ba7 15. d4
b5 16. axb5 axb5 17. Bxb5 Nxe4 18. Bxc6 Qxc6 19. Nd2 Nxd2 20. Kxd2 Qxf3 21.
Raf1 Qg2+ 22. Kd1 Rfe8 23. Rhg1 Qxh3 24. Be5 Qh5+ 25. Kc1 dxe5 26. Qd5 Bxd4 27.
cxd4 Ra1+ 28. Kb2 Rxf1 29. Rxg7+ Kxg7 30. Qg2+ Qg6 31. Qxf1 exd4 32. Qb5 d3 33.
Qxe8 d2 34. Qe2 Qd6 35. Qg2+ Kh7 36. Qe4+ Kh8 37. Qe8+ Kg7 38. Qa8 d1=Q 39.
Qg2+ Qg6 40. Qf2 Qf6+ 41. Qxf6+ Kxf6 42. b5 Ke5 43. b6 cxb6 44. Ka2 Qc1 45. Kb3
Kd4 46. Ka2 Kd3 47. Kb3 Qb1+ 48. Ka4 Kc3 49. Ka3 Qb3# 0-1

[Event "DEM U10/U10w 2000"]
[Site "Überlingen GER"]
[Date "2000.06.04"]
[Round "2"]
[White "Zahn, Benno"]
[Black "Schlötzer, Waldemar"]
[Result "0-1"]
[Termination "normal"]
[Board "9"]
[WhiteElo "883"]
[BlackElo "1199"]
[PlyCount "66"]
[WhiteFideId "24636070"]
[BlackFideId "24602140"]
[EventCountry "GER"]
[EventRounds "11"]
[EventType "swiss"]
[EventDate "2000.06.03"]

1. e4 c5 2. Nf3 Nc6 3. d4 cxd4 4. Nxd4 Nf6 5. Nc3 g6 6. Bc4 Bg7 7. Be3 O-O 8.
O-O Nxe4 9. Nxe4 d5 10. Qd3 Ne5 11. Qe2 Nxc4 12. Ng5 Nxb2 13. h4 e5 14. Nb3 Bf5
15. h5 Nc4 16. Nc5 Nxe3 17. fxe3 Qxg5 18. hxg6 fxg6 19. Qd2 d4 20. Qb4 Qxe3+
21. Kh1 b6 22. Qc4+ Kh8 23. Rf3 Qh6+ 24. Kg1 bxc5 25. Qxc5 d3 26. Raf1 dxc2 27.
g4 Bxg4 28. Rxf8+ Rxf8 29. Qxc2 Rxf1+ 30. Kxf1 Qh1+ 31. Kf2 Qh2+ 32. Ke3 Qxc2
33. a4 Bh6# 0-1

[Event "DEM U10/U10w 2000"]
[Site "Überlingen GER"]
[Date "2000.06.04"]
[Round "2"]
[White "Wortmann, Jonas"]
[Black "Aghadjanian, Annie"]
[Result "0-1"]
[Termination "normal"]
[Board "10"]
[WhiteElo "1184"]
[BlackElo "843"]
[PlyCount "100"]
[WhiteFideId "24628069"]
[EventCountry "GER"]
[EventRounds "11"]
[EventType "swiss"]
[EventDate "2000.06.03"]

1. c4 c5 2. g3 Nc6 3. Bg2 Nf6 4. Nc3 g6 5. e4 Bg7 6. Nge2 d6 7. d3 O-O 8. Be3
Ne5 9. f4 Neg4 10. Qd2 Bh6 11. h3 Nxe3 12. Qxe3 e5 13. Qf2 b6 14. g4 Bg7 15. g5
Nh5 16. h4 Bg4 17. f5 Bxe2 18. Nxe2 f6 19. gxf6 Nxf6 20. Ng3 Qd7 21. Bh3 Qc6
22. Rg1 a6 23. Qe2 b5 24. b3 bxc4 25. bxc4 Qb6 26. h5 Qb4+ 27. Kf2 Qc3 28. Kg2
Rab8 29. Rab1 g5 30. Rgc1 Qa3 31. Qc2 g4 32. Qd2 gxh3+ 33. Kxh3 Nd7 34. h6 Bf6
35. Nh5 Kh8 36. Nxf6 Nxf6 37. Qg5 Qxd3+ 38. Kh2 Qe2+ 39. Kg3 Nxe4+ 40. Kh4 Nxg5
41. Rxb8 Rxb8 42. Kxg5 Qe3+ 43. Kf6 Qxc1 44. Ke7 Qxh6 45. f6 Qf8+ 46. Ke6 Qg8+
47. f7 Qg6+ 48. Ke7 Rb7+ 49. Ke8 Qxf7+ 50. Kd8 Qd7# 0-1

[Event "DEM U10/U10w 2000"]
[Site "Überlingen GER"]
[Date "2000.06.04"]
[Round "2"]
[White "Rafiee, Makan"]
[Black "Terwitte, Jakob"]
[Result "1-0"]
[Termination "normal"]
[Board "11"]
[WhiteElo "1148"]
[BlackElo "831"]
[PlyCount "109"]
[WhiteFideId "24609340"]
[EventCountry "GER"]
[EventRounds "11"]
[EventType "swiss"]
[EventDate "2000.06.03"]

1. e4 c5 2. c3 e6 3. d4 cxd4 4. cxd4 Nf6 5. Bg5 Be7 6. Nc3 O-O 7. Nf3 Nc6 8.
Bd3 d6 9. a3 a6 10. Qc2 g6 11. Bh6 Re8 12. O-O Ng4 13. Bf4 b5 14. h3 Nf6 15.
Bh6 Bf8 16. Qd2 Bg7 17. Rad1 b4 18. axb4 Nxb4 19. Bb1 Bb7 20. Bxg7 Kxg7 21. Qf4
Nh5 22. Qe3 Qf6 23. Kh2 Qf4+ 24. Qxf4 Nxf4 25. g3 Nh5 26. g4 Nf6 27. Ng5 h6 28.
e5 hxg5 29. exf6+ Kxf6 30. f4 gxf4 31. Rxf4+ Kg7 32. Rdf1 f5 33. gxf5 exf5 34.
Rg1 Kf6 35. Rgf1 Bc8 36. Ne4+ Kg7 37. Nxd6 Re2+ 38. R4f2 Rxf2+ 39. Rxf2 Be6 40.
Rg2 Kf6 41. Rf2 Ke7 42. Nb7 Nc6 43. Nc5 Nxd4 44. Kg2 Bc4 45. Rf4 Bd5+ 46. Kf2
Ne6 47. Nxe6 Kxe6 48. Rb4 Rd8 49. Ke3 Ke5 50. Bd3 Rh8 51. h4 Ra8 52. Rf4 a5 53.
h5 gxh5 54. Rxf5+ Ke6 55. Rxd5 1-0

[Event "DEM U10/U10w 2000"]
[Site "Überlingen GER"]
[Date "2000.06.04"]
[Round "2"]
[White "Günther, Christian"]
[Black "Müller, Jan Hendrik"]
[Result "0-1"]
[Termination "normal"]
[Board "12"]
[WhiteElo "877"]
[BlackElo "1144"]
[PlyCount "38"]
[WhiteFideId "24659380"]
[BlackFideId "24615048"]
[EventCountry "GER"]
[EventRounds "11"]
[EventType "swiss"]
[EventDate "2000.06.03"]

1. e4 e5 2. Nf3 Nc6 3. Nc3 Nf6 4. Bc4 Nxe4 5. Nxe4 d5 6. Bxd5 Qxd5 7. d3 Bg4 8.
Be3 f5 9. Nc3 Bb4 10. Bd2 Bxc3 11. Bxc3 O-O 12. h3 Bh5 13. Qe2 e4 14. dxe4 fxe4
15. g4 exf3 16. Rd1 Qxa2 17. Rd7 Rfe8 18. Kd2 Rxe2+ 19. Kd3 Bg6# 0-1

[Event "DEM U10/U10w 2000"]
[Site "Überlingen GER"]
[Date "2000.06.04"]
[Round "2"]
[White "Dinger, Florian"]
[Black "Bogner, Sebastian"]
[Result "1-0"]
[Termination "normal"]
[Board "13"]
[WhiteElo "1135"]
[BlackElo "768"]
[PlyCount "162"]
[WhiteFideId "24605573"]
[BlackFideId "4692055"]
[EventCountry "GER"]
[EventRounds "11"]
[EventType "swiss"]
[EventDate "2000.06.03"]

1. e4 c5 2. Nf3 Nc6 3. c3 Nf6 4. e5 Ng4 5. d4 cxd4 6. cxd4 Qb6 7. Nc3 g6 8. h3
Nh6 9. Bxh6 Bxh6 10. Rb1 O-O 11. Bc4 d6 12. exd6 exd6 13. O-O Bf5 14. Bd3 Bxd3
15. Qxd3 Bg7 16. d5 Nb4 17. Qd2 Rac8 18. a3 Na6 19. Rfd1 Qa5 20. Ne4 Qxd2 21.
Rxd2 Rfd8 22. b4 Rc4 23. Ng3 Rc3 24. a4 Ra3 25. a5 Ra4 26. b5 Nc5 27. a6 bxa6
28. bxa6 Rxa6 29. Nd4 Bh6 30. Rdd1 Na4 31. Ra1 Bg7 32. Ra3 Rb8 33. Nc6 Rb5 34.
Ne4 Be5 35. g3 Nc5 36. Rxa6 Nxa6 37. f4 Bg7 38. Nxd6 Rb6 39. Nc8 Rb3 40. Kf2
Rb2+ 41. Ke3 Rb3+ 42. Rd3 Rxd3+ 43. Kxd3 Nc5+ 44. Ke3 a6 45. d6 Kf8 46. Ne5 Ke8
47. Kd4 Nd7 48. Na7 Nxe5 49. fxe5 Kd7 50. Kd5 a5 51. g4 a4 52. Nb5 h6 53. h4 h5
54. g5 Bh8 55. Na3 Bg7 56. Nc4 Kd8 57. Kd4 Bh8 58. Kc3 Kd7 59. Kb4 a3 60. Kxa3
Bxe5 61. Nxe5+ Kxd6 62. Nxf7+ Ke6 63. Nh8 Kf5 64. Kb3 Ke6 65. Kc3 Ke7 66. Nxg6+
Kf7 67. Nf4 Kg7 68. Kd4 Kh7 69. Ke5 Kg7 70. Kf5 Kh7 71. Nxh5 Kh8 72. g6 Kg8 73.
Ng3 Kg7 74. h5 Kh6 75. Kg4 Kg7 76. Kg5 Kf8 77. h6 Kg8 78. Kf6 Kh8 79. g7+ Kg8
80. Ne2 Kh7 81. Kf7 Kxh6 1-0

[Event "DEM U10/U10w 2000"]
[Site "Überlingen GER"]
[Date "2000.06.04"]
[Round "2"]
[White "Lips, Franziska"]
[Black "Zikeli, Saskia"]
[Result "0-1"]
[Termination "normal"]
[Board "14"]
[WhiteElo "840"]
[BlackElo "1135"]
[PlyCount "44"]
[BlackFideId "24601543"]
[EventCountry "GER"]
[EventRounds "11"]
[EventType "swiss"]
[EventDate "2000.06.03"]

1. e4 e5 2. Nf3 Nc6 3. Bc4 Bc5 4. c3 Nf6 5. d4 exd4 6. cxd4 Bb4+ 7. Bd2 Bxd2+
8. Nbxd2 d5 9. exd5 Nxd5 10. Qb3 Qe7+ 11. Kd1 Nb6 12. Re1 Be6 13. Ng5 Qxg5 14.
Bxe6 fxe6 15. Qxe6+ Kd8 16. Ne4 Qd5 17. Qg4 Qxd4+ 18. Kc1 Ne5 19. Qg5+ Kc8 20.
Qf5+ Kb8 21. Rd1 Nd3+ 22. Kb1 Qxb2# 0-1

[Event "DEM U10/U10w 2000"]
[Site "Überlingen GER"]
[Date "2000.06.04"]
[Round "2"]
[White "Ohme, Melanie"]
[Black "Jussupow, Ekaterina"]
[Result "1-0"]
[Termination "normal"]
[Board "15"]
[WhiteElo "1121"]
[BlackElo "746"]
[PlyCount "53"]
[WhiteFideId "4690745"]
[BlackFideId "24625400"]
[EventCountry "GER"]
[EventRounds "11"]
[EventType "swiss"]
[EventDate "2000.06.03"]

1. e4 e5 2. Nf3 Nc6 3. Bc4 Bc5 4. c3 Qf6 5. O-O d6 6. b4 Bb6 7. a4 a6 8. d3 h6
9. Qb3 Bg4 10. Nbd2 Nge7 11. Bb2 O-O 12. a5 Ba7 13. Qa2 Kh8 14. Rac1 Qg6 15.
Kh1 f5 16. exf5 Nxf5 17. h3 Qh5 18. Nh2 Be2 19. g4 Qxh3 20. gxf5 Bxf1 21. Rxf1
Rxf5 22. Be6 Raf8 23. Bxf5 Rxf5 24. Qe6 Kh7 25. Rg1 Bxf2 26. Qg6+ Kh8 27. Qxg7#
1-0

[Event "DEM U10/U10w 2000"]
[Site "Überlingen GER"]
[Date "2000.06.04"]
[Round "2"]
[White "Lutz, Bernhard"]
[Black "Nekrassowa, Katja"]
[Result "1-0"]
[Termination "normal"]
[Board "16"]
[WhiteElo "1113"]
[BlackElo "361"]
[PlyCount "135"]
[WhiteFideId "24628638"]
[EventCountry "GER"]
[EventRounds "11"]
[EventType "swiss"]
[EventDate "2000.06.03"]

1. e4 e5 2. Nf3 Nc6 3. Nc3 Bc5 4. Nxe5 Bxf2+ 5. Kxf2 Nxe5 6. d4 Qf6+ 7. Kg1 Ng6
8. Be2 d6 9. Nd5 Qd8 10. h3 c6 11. Nc3 Nf6 12. Kh2 h6 13. Rf1 Qe7 14. Re1 O-O
15. Bf3 Nh4 16. e5 Nxf3+ 17. Qxf3 dxe5 18. dxe5 Nd7 19. Qg3 Qe6 20. Bf4 g5 21.
Rad1 Qg6 22. Rd6 Qg7 23. Bc1 Re8 24. e6 fxe6 25. Rdxe6 Rxe6 26. Rxe6 Nc5 27.
Re8+ Kh7 28. Qe3 Qc7+ 29. Kh1 Kg6 30. Qxc5 b6 31. Qe7 Qxe7 32. Rxe7 Bf5 33. Re2
Rf8 34. Rf2 Rf6 35. g4 Be6 36. Rxf6+ Kxf6 37. Kg2 b5 38. a3 Ke5 39. Kf3 Bd5+
40. Nxd5 Kxd5 41. h4 gxh4 42. Bxh6 Ke5 43. Bg5 h3 44. Kg3 h2 45. Kxh2 Ke6 46.
Kg3 Kf7 47. Kf4 Kg6 48. b4 a6 49. c3 Kg7 50. Kf5 Kg8 51. Kg6 Kh8 52. Bf6+ Kg8
53. g5 Kf8 54. Kh7 Kf7 55. g6+ Kxf6 56. g7 Ke5 57. g8=Q Ke4 58. Qd8 Kf5 59. Qe7
Kg4 60. Qf6 Kh5 61. Qg7 Kh4 62. Kg8 Kh5 63. Kf7 Kh4 64. Kf6 Kh3 65. Kf5 Kh2 66.
Kf4 Kh1 67. Kf3 Kh2 68. Qg2# 1-0

[Event "DEM U10/U10w 2000"]
[Site "Überlingen GER"]
[Date "2000.06.04"]
[Round "2"]
[White "Billing, Tanja"]
[Black "Lubbe, Nikolas"]
[Result "0-1"]
[Termination "normal"]
[Board "17"]
[WhiteElo "529"]
[BlackElo "1110"]
[PlyCount "68"]
[WhiteFideId "24647993"]
[BlackFideId "4694031"]
[EventCountry "GER"]
[EventRounds "11"]
[EventType "swiss"]
[EventDate "2000.06.03"]

1. e4 d5 2. Nc3 d4 3. Nce2 e5 4. d3 Bb4+ 5. c3 dxc3 6. bxc3 Bd6 7. Nf3 Bg4 8.
Ng3 Nd7 9. d4 exd4 10. Qxd4 Bxf3 11. gxf3 Be5 12. Qb4 Qf6 13. Qxb7 Rb8 14. Qxa7
Bxc3+ 15. Bd2 Bxd2+ 16. Kxd2 Qxa1 17. Bc4 Qb2+ 18. Ke3 Qb6+ 19. Qxb6 Rxb6 20.
Nf5 g6 21. Ng7+ Kf8 22. Ne6+ fxe6 23. Rd1 Ke7 24. Kf4 Ngf6 25. e5 Nh5+ 26. Kg5
Nxe5 27. Be2 Rb2 28. Ba6 Rxa2 29. Bb7 Rxf2 30. Re1 Nxf3+ 31. Bxf3 Rxf3 32. Kg4
Rf4+ 33. Kg5 Kf7 34. h4 h6# 0-1

[Event "DEM U10/U10w 2000"]
[Site "Überlingen GER"]
[Date "2000.06.04"]
[Round "2"]
[White "Schmidt, David"]
[Black "Neudert, Maximilian"]
[Result "1-0"]
[Termination "normal"]
[Board "18"]
[WhiteElo "1078"]
[BlackElo "346"]
[PlyCount "67"]
[EventCountry "GER"]
[EventRounds "11"]
[EventType "swiss"]
[EventDate "2000.06.03"]

1. e4 c5 2. Nf3 Nc6 3. d4 cxd4 4. Nxd4 d6 5. Nc3 g6 6. Bc4 e6 7. Be3 Nf6 8. f3
Bg7 9. Qd2 d5 10. exd5 exd5 11. Bb5 Bd7 12. Bxc6 bxc6 13. Bh6 O-O 14. O-O-O Qa5
15. Bxg7 Kxg7 16. Nb3 Qa6 17. Qf4 Rfe8 18. Qd4 Qb6 19. Rde1 Rxe1+ 20. Rxe1 Qxd4
21. Nxd4 c5 22. Nb3 c4 23. Nc5 d4 24. Ne2 Rc8 25. Nxd7 Nxd7 26. Nxd4 c3 27. Re7
cxb2+ 28. Kxb2 Rb8+ 29. Ka3 Rb7 30. Nc6 Rc7 31. Ne5 Rxc2 32. Rxd7 Rxg2 33.
Rxf7+ Kh6 34. Ng4+ 1-0

[Event "DEM U10/U10w 2000"]
[Site "Überlingen GER"]
[Date "2000.06.04"]
[Round "2"]
[White "Gorodetski, Boris"]
[Black "Wittmann, Thomas"]
[Result "0-1"]
[Termination "normal"]
[Board "19"]
[WhiteElo "311"]
[BlackElo "1070"]
[PlyCount "80"]
[EventCountry "GER"]
[EventRounds "11"]
[EventType "swiss"]
[EventDate "2000.06.03"]

1. d4 Nf6 2. e3 c5 3. Nc3 e6 4. Nf3 Nc6 5. e4 cxd4 6. Nxd4 Bb4 7. Bg5 Qa5 8.
Qd3 Qxg5 9. Nf3 Qa5 10. Be2 Bxc3+ 11. bxc3 Nxe4 12. O-O Nxc3 13. Bd1 Nxd1 14.
Rfxd1 O-O 15. Rab1 Qa6 16. Qe4 d5 17. Qh4 Qc4 18. Qh3 h6 19. Qg3 Qxc2 20. Rf1
Qxa2 21. Rbe1 a5 22. Ne5 Qb2 23. Ng4 Kh8 24. Ne3 Qe5 25. Qh4 Qg5 26. Qa4 Bd7
27. f4 Qd8 28. Qa1 d4 29. Ng4 b5 30. Ne5 a4 31. Rf3 Nxe5 32. Rxe5 f6 33. Rh5 e5
34. fxe5 Bg4 35. Rfh3 Bxh3 36. Rxh3 fxe5 37. Rg3 b4 38. Qd1 Qd7 39. Qh5 Qf5 40.
Qd1 Qf2+ 0-1

[Event "DEM U10/U10w 2000"]
[Site "Überlingen GER"]
[Date "2000.06.04"]
[Round "2"]
[White "Cammann, Tim"]
[Black "Katte, Nicolas"]
[Result "0-1"]
[Termination "normal"]
[Board "24"]
[WhiteElo "266"]
[BlackElo "1148"]
[PlyCount "58"]
[BlackFideId "24614149"]
[EventCountry "GER"]
[EventRounds "11"]
[EventType "swiss"]
[EventDate "2000.06.03"]

1. d4 d5 2. c4 c6 3. Nc3 Nf6 4. Bg5 Nbd7 5. e3 g6 6. Nf3 Bg7 7. Be2 O-O 8. O-O
h6 9. Bh4 dxc4 10. Bxc4 Qb6 11. Qb3 a5 12. Qa3 Re8 13. Rab1 Ra7 14. b4 axb4 15.
Qxb4 Qxb4 16. Rxb4 Ra3 17. Rb3 Ra4 18. Be2 Ra5 19. e4 e5 20. Rd1 exd4 21. Bxf6
dxc3 22. Bxg7 Kxg7 23. Rxc3 Rxe4 24. Rd2 Rd5 25. Rdc2 Ne5 26. g3 Bh3 27. Bf1
Nxf3+ 28. Rxf3 Re1 29. Rxf7+ Kxf7 0-1

[Event "DEM U10/U10w 2000"]
[Site "Überlingen GER"]
[Date "2000.06.04"]
[Round "2"]
[White "Fink, Leander"]
[Black "Schulz, Michael"]
[Result "1-0"]
[Termination "normal"]
[Board "26"]
[WhiteElo "712"]
[BlackElo "863"]
[PlyCount "67"]
[WhiteFideId "24605247"]
[EventCountry "GER"]
[EventRounds "11"]
[EventType "swiss"]
[EventDate "2000.06.03"]

1. e4 e6 2. d4 d5 3. e5 c5 4. c3 Nc6 5. Nf3 Qb6 6. b3 f6 7. Bf4 Bd7 8. Be2 Rc8
9. O-O Nge7 10. dxc5 Qxc5 11. c4 Ng6 12. Be3 d4 13. Nxd4 Qxe5 14. Qd2 Bd6 15.
Nf3 Qxa1 16. Nc3 Qxf1+ 17. Kxf1 Be5 18. Nb5 a6 19. Nxe5 Ngxe5 20. Nd6+ Kd8 21.
Bb6+ Rc7 22. Nxb7+ Ke8 23. Nd6+ Kd8 24. Bxc7+ Kxc7 25. Ne4 Rb8 26. f4 Nf7 27.
Nc5 Rd8 28. Nxa6+ Kb7 29. c5 e5 30. fxe5 Nfxe5 31. Qf4 Ra8 32. Qa4 Kc8 33. Qb5
Nb8 34. Qb6 1-0

[Event "DEM U10/U10w 2000"]
[Site "Überlingen GER"]
[Date "2000.06.04"]
[Round "2"]
[White "Schneider, David"]
[Black "Ugur, Özgür"]
[Result "1-0"]
[Termination "normal"]
[Board "27"]
[WhiteElo "1421"]
[BlackElo "183"]
[PlyCount "69"]
[WhiteFideId "4697111"]
[EventCountry "GER"]
[EventRounds "11"]
[EventType "swiss"]
[EventDate "2000.06.03"]

1. e4 e5 2. Nf3 Nc6 3. Bc4 Nf6 4. Ng5 d5 5. exd5 Nxd5 6. Nxf7 Kxf7 7. Qf3+ Ke6
8. Nc3 Nd4 9. Qxd5+ Qxd5 10. Bxd5+ Ke7 11. Bb3 Bf5 12. d3 Be6 13. Bg5+ Kd7 14.
Bxe6+ Kxe6 15. O-O-O h6 16. Be3 Nf5 17. Rhe1 Bd6 18. d4 exd4 19. Bxd4+ Kf7 20.
Nb5 Rhd8 21. Nxd6+ Rxd6 22. Be5 Rc6 23. Rd7+ Kg8 24. Rxc7 Rxc7 25. Bxc7 Rc8 26.
Bg3 Nd4 27. c3 b5 28. Kd2 Nf5 29. Re5 Nd6 30. b3 a5 31. f3 a4 32. Rd5 Rc6 33.
Rxd6 Rxd6+ 34. Bxd6 axb3 35. axb3 1-0